LEADER 00920nam a2200253 a 4500 001 991001775089707536 008 020 $a052182043x 035 $ab12195236-39ule_inst 040 $aDip.to Lingue $bita 100 1 $aFoakes, R. A.$0163791 245 10$aShakespeare and violence 260 $aCambridge :$bCambridge University Press,$c2003 300 $a224 p. ;$c23 cm. 546 $aInglese 600 14$aShakespeare, William$xAspetti politici e sociali 650 14$aLetteratura e società$zInghilterra$xStoria$ySec.16 650 24$aViolenza nella letteratura 907 $a.b12195236$b02-04-14$c15-09-03 912 $a991001775089707536 945 $aLE012 828.33 D FOA$g1$i2012000039155$lle012$o-$pE0.00$q-$rl$s- $t0$u2$v0$w2$x0$y.i12564953$z15-09-03 996 $aShakespeare and violence$9157062 997 $aUNISALENTO 998 $ale012$b - - $cm$da $e-$feng$guk $h0$i1 LEADER 01047nam a2200265 i 4500 001 991001125319707536 005 20020502183952.0 008 971024s1997 it ||| | ita 020 $a8820481014 035 $ab11467381-39ule_inst 035 $aPRUMB55374$9ExL 040 $aDip. SSSC$bita 100 1 $aISFOL$0526499 245 10$aEsperienze e prospettive di innovazione della formazione professionale :$batti della conferenza Eurotecnet in Italia :$b5-6 novembre 1992 ; a cura di Massimo Tomassini 260 $aMilano :$bAngeli,$cc1997 300 $a256 p. ;$c22 cm. 490 0 $aStrumenti e ricerche ;$v50 650 4$aFormazione professionale 700 1 $aTomassini, Massimo 907 $a.b11467381$b01-03-17$c01-07-02 912 $a991001125319707536 945 $aLE021 NTC63$g1$i2021000005756$lle021$o-$pE0.00$q-$rl$s- $t0$u0$v0$w0$x0$y.i11656426$z01-07-02 996 $aEsperienze e prospettive di innovazione della formazione professionale$9811609 997 $aUNISALENTO 998 $ale021$b01-01-97$cm$da $e-$fita$git $h0$i1